| 000 | 00807nam a2200289Ia 4500 | ||
|---|---|---|---|
| 008 | 180523s9999 xx 000 0 und d | ||
| 020 | _a81-7649-477-1 | ||
| 050 | _aMAIN HD 57.7 | ||
| 050 | _b.W44 2004 | ||
| 100 | _aWheatley, Margaret J. | ||
| 245 | 0 | _aLeadership and the new science : | |
| 245 | 0 | _bdiscovering order on a chaotic world / | |
| 245 | 0 | _cMargaret J. Wheatley. | |
| 250 | _aRevised Edition | ||
| 260 | _aNew Delhi : | ||
| 260 | _bViva Books, | ||
| 260 | _c2004 | ||
| 300 | _a197 pages : | ||
| 300 | _billustrations ; | ||
| 300 | _c22 cm. | ||
| 500 | _aIncludes bibliographical references and index. | ||
| 650 | _aChaotic behavior in systems. | ||
| 650 | _aLeadership. | ||
| 650 | _aQuantum theory. | ||
| 650 | _xOrganization. | ||
| 650 | _xSelf-organizing systems. | ||
| 999 |
_c356900 _d356900 |
||